000 00755nam a2200241Ia 4500
003 GCL
008 140319s9999 xx 000 0 ara d
040 _aGCL /
_cGCL
082 0 4 _a301.443
_bل ح
100 1 _aلوفران جورج
245 1 0 _aالحركة النقابية فى العالم /
_cلوفران جورج
700 1 _aالياس مرعى
260 _a[S.N] :
_bمنشورات عويدان ،
_c1986
300 _a189 ص
490 _aزدنى علما
_v0
650 0 4 _aالعمل والعمال
650 0 4 _aالاشتراكية
650 0 4 _aالنقابات العمالية
650 0 4 _aالنقابات
650 0 4 _aالنقابات المهنية
650 0 4 _aالنقابات والمجتمع
942 _2ddc
_cBK
999 _c35891
_d35891